000
00275nam a2200097Ia 4500
001
698660
005
20250826162055.0
008
250824s9999 xx 000 0 und d
245
0
_a
BİNBİR GECE MASALLARI (ANTİK O. KLASİKLERİ)
_c
ANONİM
260
_b
ANTİK DÜNYA KLASİKLERİ
999
_c
698660
_d
698660